01186 a2200241 45000010006000000050017000060080041000230030015000640400040000790800072001192450043001912500012002342640047002463000019002935050475003121000017007877000027008047000028008317000021008597000020008807000018009007000026009185473420260407155822.0260407a1972 arg spa dAR-UNSa-BCEJYS aAR-UNSa-BCEJYSbspacAR-UNSa-BCEJYS a330.341.44xConcentración. Centralización (Industrialización)10aLa sociedad industrial contemporánea a6a. ed. 1aMéxico :bSiglo Veintiuno editoresc1972 a217 p.c18 cm. a1. Conciencia y sociedad industrial,por Erich Fromm - 2. Dilemas y decisiones en el desarrollo social,por Irving Louis Horowitz - 3. Libertad y agresión en la sociedad tecnológica,por Herbert Marcuse - 4. Sindicalismo y política,por André Gorz - 5. El socialismo difícil,por André Gorz - 6. El colonialismo por dentro y por fuera,por André Gorz - 7. América Latina frente a la sociedad industrial.Reflexiones sobre el subdesarrollo,por Victor Flores Olea1 aFromm, Erich1 aHorowitz, Irving Louis1 aPrieto, Margarita Suzan1 aMarcuse, Herbert1 aCampos, Julieta1 aGorz, André1 aFlores Olea, Víctor